Statistics for Every Important Trainer's Pokemon Part 2

Click here to take the quiz!

General Stats

  • This quiz has been taken 4 times
  • The average score is 367 of 492

Answer Stats

TrainerPokemon% Correct
Candice | Cheryl | GlaciaAbomasnow
100%
Lucas/Dawn | Riley | Saturn | SidneyAbsol
100%
Byron | StevenAggron
100%
Drake | WallyAltaria
100%
Cheryl | Crasher Wake | Roark | StevenArmaldo
100%
Fantina | PhoebeBanette
100%
Buck | ByronBastiodon
100%
Buck | Byron | Jupiter | +2 othersBronzong
100%
Byron | Jupiter | Mars | SaturnBronzor
100%
GardeniaCarnivine
100%
GardeniaCherrim
100%
Buck | StevenClaydol
100%
Buck | CandiceCloyster
100%
Cheryl | Gardenia | StevenCradily
100%
Archie | Cyrus | Jupiter | +4 othersCrobat
100%
AaronDrapion
100%
Buck | PhoebeDusclops
100%
Buck | Cheryl | Fantina | +2 othersDusknoir
100%
Barry | Byron | Crasher Wake | +3 othersEmpoleon
100%
Cheryl | Lucas/Dawn | Lucian | +2 othersEspeon
100%
Flint | Lucas/DawnFlareon
100%
Barry | Crasher Wake | MarleyFloatzel
100%
Aaron | DrakeFlygon
100%
Candice | Fantina | GlaciaFroslass
100%
Lucas/Dawn | Lucian | Maylene | +2 othersGallade
100%
Cynthia | Riley | WallyGarchomp
100%
Mina | WallyGardevoir
100%
Cheryl | Crasher Wake | CynthiaGastrodon
100%
Candice | Cynthia | Lucas/Dawn | MinaGlaceon
100%
Candice | GlaciaGlalie
100%
Bertha | RoarkGolem
100%
JuanGorebyss
100%
Crasher Wake | Cyrus | Lucy | RileyGyarados
100%
Aaron | Barry | Greta | +2 othersHeracross
100%
Bertha | Buck | CherylHippowdon
100%
MayleneHitmontop
100%
Cyrus | FlintHoundoom
100%
Crasher Wake | JuanHuntail
100%
Barry | Flint | Lucas/Dawn | +2 othersInfernape
100%
Marley | VolknerJolteon
100%
Buck | GardeniaLeafeon
100%
FlintLopunny
100%
Anabel | Cynthia | Maylene | RileyLucario
100%
VolknerLuxray
100%
Maylene | RileyMachamp
100%
MayleneMachoke
100%
Flint | Lucas/Dawn | MinaMagmortar
100%
Byron | WallyMagneton
100%
Byron | Mina | Volkner | WallyMagnezone
100%
Candice | RileyMamoswine
100%
Candice | Cheryl | Lucian | +2 othersMedicham
100%
Byron | Riley | Steven | TuckerMetagross
100%
SidneyMIghtyena
100%
Archie | Courtney | Maxie | +2 othersMightyena
100%
Cheryl | Cynthia | Gardenia | +2 othersMilotic
100%
Anabel | Fantina | PhoebeMismagius
100%
Bertha | JupiterNidoking
100%
Flint | GardeniaNinetales
100%
CandicePiloswine
100%
Crasher Wake | JuanPolitoed
100%
Crasher Wake | RileyPoliwrath
100%
Bertha | Crasher WakeQuagsire
100%
Mars | VolknerRaichu
100%
Barry | FlintRapidash
100%
Bertha | RileyRhyperior
100%
Barry | WallyRoselia
100%
Barry | Cheryl | Cynthia | +3 othersRoserade
100%
Fantina | Phoebe | SaturnSableye
100%
Anabel | Cyrus | Drake | +3 othersSalamence
100%
Aaron | Byron | Crasher WakeScizor
100%
Glacia | JuanSealeo
100%
Archie | Crasher Wake | Matt | +3 othersSharpedo
100%
DrakeShelgon
100%
Cheryl | Gardenia | SidneyShiftry
100%
Buck | Byron | StevenSkarmory
100%
Lucian | RoarkSlowbro
100%
Cynthia | FantinaSpiritomb
100%
BarryStaraptor
100%
Cheryl | MarleyStarmie
100%
Bertha | Buck | Byron | +2 othersSteelix
100%
Buck | Cheryl | Gardenia | Lucas/DawnTangrowth
100%
Barry | Cheryl | Gardenia | Lucas/DawnTorterra
100%
Barry | Gardenia | Lucas/DawnTurtwig
100%
Aaron | CherylVespiquen
100%
CherylWailord
100%
Cheryl | GlaciaWalrein
100%
Anabel | Candice | Cyrus | MarleyWeavile
100%
Aaron | MinaYanmega
100%
Anabel | Cheryl | Lucian | MinaAlakazam
67%
Flint | Marley | SpenserArcanine
67%
Roark | StevenArcheops
67%
WallyAzumarill
67%
GlaciaBeartic
67%
AaronBeautifly
67%
GardeniaBellossom
67%
Flint | Maylene | RileyBlaziken
67%
Cheryl | Gardenia | Greta | +2 othersBreloom
67%
BarryBuizel
67%
SidneyCacturne
67%
Courtney | Maxie | TabithaCamerupt
67%
StevenCarbink
67%
PhoebeChandelure
67%
CherylChansey
67%
GardeniaCherubi
67%
Barry | Lucas/DawnChimchar
67%
Fantina | Juan | SidneyCrawdaunt
67%
BerthaDonphan
67%
DrakeDragalge
67%
Fantina | Maylene | RileyDragonite
67%
Cheryl | Fantina | Flint | PhoebeDrifblim
67%
MarleyDugtrio
67%
FantinaDuskull
67%
AaronDustox
67%
VolknerElectivire
67%
Marley | VolknerElectrode
67%
Fantina | Greta | Jupiter | MinaGengar
67%
Bertha | Lucas/DawnGliscor
67%
Archie | Cyrus | Jupiter | +5 othersGolbat
67%
Barry | Lucas/DawnGrotle
67%
Cheryl | RileyHariyama
67%
FantinaHaunter
67%
DrakeHaxorus
67%
CandiceJynx
67%
Lucas/DawnKabutops
67%
Crasher Wake | Drake | JuanKingdra
67%
Candice | Juan | SpenserLapras
67%
Cheryl | Crasher WakeLudicolo
67%
MayleneMeditite
67%
StevenMetang
67%
Barry | Lucas/DawnMonferno
67%
LucianMr. Mime
67%
VolknerOctillery
67%
RoarkOnix
67%
Byron | Crasher Wake | VolknerPelipper
67%
Barry | Lucas/DawnPiplup
67%
Barry | Lucas/DawnPrinplup
67%
WallyRalts
67%
Lucas/Dawn | Riley | RoarkRampardos
67%
BrandonRegice
67%
BrandonRegirock
67%
BrandonRegisteel
67%
RileyRhydon
67%
Fantina | VolknerRotom
67%
LucySeviper
67%
Fantina | GretaShedinja
67%
Jupiter | SaturnSkuntank
67%
Candice | CyrusSneasel
67%
Anabel | Barry | CherylSnorlax
67%
CandiceSnover
67%
GardeniaSunflora
67%
Cynthia | Mars | MinaTogekiss
67%
Buck | RoarkTorkoal
67%
Jupiter | Maylene | Riley | SaturnToxicroak
67%
GardeniaTropius
67%
Riley | Roark | SaturnTyranitar
67%
Buck | Cheryl | GretaUmbreon
67%
GlaciaVanilluxe
67%
CherylVictreebel
67%
Bertha | JuanWhiscash
67%
SidneyZoroark
67%
Jupiter | Mars | Maxie | TabithaZubat
67%
Marley | Roark | StevenAerodactyl
33%
Marley | VolknerAmbipom
33%
CherylBlissey
33%
CynthiaBraviary
33%
Matt | ShellyCarvanha
33%
TuckerCharizard
33%
RoarkCranidos
33%
Cynthia | VolknerEelektross
33%
Byron | StevenExcadrill
33%
VolknerGalvantula
33%
RoarkGeodude
33%
ShellyGrimer
33%
CyrusHonchkrow
33%
FantinaJellicent
33%
GardeniaJumpluff
33%
Lucas/Dawn | Mina | SaturnKadabra
33%
TabithaKoffing
33%
VolknerLanturn
33%
Crasher WakeLumineon
33%
JuanLuvdisc
33%
SidneyMandibuzz
33%
CherylMiltank
33%
Lucas/DawnMothim
33%
ArchieMuk
33%
BarryMunchlax
33%
MarleyNinjask
33%
Marley | RileyPinsir
33%
JuanPoliwag
33%
JuanPoliwhirl
33%
BarryPonyta
33%
Matt | TabithaPoochyena
33%
CherylPorygon2
33%
Cheryl | Cynthia | Lucas/Dawn | MinaPorygon-Z
33%
MarsPurugly
33%
Juan | RoarkRelicanth
33%
Cheryl | MarleySceptile
33%
SidneyScrafty
33%
Cheryl | Riley | SpenserSlaking
33%
BarryStaravia
33%
BarryStarly
33%
Bertha | RoarkSudowoodo
33%
Crasher Wake | Tucker | VolknerSwampert
33%
WallyTalonflame
33%
Lucas/DawnTauros
33%
Candice | Cheryl | GardeniaVenusaur
33%
MaxieWeezing
33%
VolknerZebstrika
33%
Lucas/DawnClefable
0%
Lucas/DawnClefairy
0%
RoarkCrustle
0%
WallyDelcatty
0%
Lucas/DawnDunsparce
0%
Cheryl | MinaExeggutor
0%
Buck | ByronForretress
0%
LucianGirafarig
0%
RoarkLunatone
0%
CherylMeganium
0%
CyrusMurkrow
0%
Courtney | TabithaNumel
0%
Buck | RoarkProbopass
0%
VolknerRotom Fan
0%
Cyrus | Flint | Lucas/Dawn | VolknerRotom Heat
0%
Gardenia | Lucas/DawnRotom Mow
0%
Lucas/Dawn | VolknerRotom Wash
0%
Buck | LucyShuckle
0%
MarleySwellow
0%
RileyUrsaring
0%
JuanWalrien
0%
CherylWobbuffet
0%

Score Distribution

Percentile by Number Answered

Percent of People with Each Score

Your Score History

You have not taken this quiz